00384nam a22001217a 4500020002200000082001500022100001900037245007700056260003500133300001900168563000700187700006800194 a978-981-15-5092-8 a006.3bESP aEsposito, Anna aProgresses in Artificial Intelligence and Neural system /cAnna Esposito aSingapore :bSpringer ,c2021. axviii, 613 p : aHB aMarcos Faundez- Zanuy , Francesco Carlo Morabito, Eros Pasero,